Reasoning & writing well : A rhetoric, research guide, reader, and handbook /

Đã lưu trong:
書目詳細資料
主要作者: Dietsch, Betty M
格式: 圖書
語言:English
出版: Boston : McGraw-Hill , 2003.
版:3rd ed
主題:
標簽: 添加標簽
沒有標簽, 成為第一個標記此記錄!
Thư viện lưu trữ: Mạng thư viện Đại học Đà Nẵng
LEADER 01259nam a22003731a 4500
001 000034578
003 10781
005 20210318074959.0
008 151027s2003 000 eng
020 |a 0072947780 
040 |a lnn  |c lnn  |d lnn 
041 0 |a eng 
082 0 0 |a 808.042  |b DI-B 
100 1 |a Dietsch, Betty M 
245 1 0 |a Reasoning & writing well :  |b A rhetoric, research guide, reader, and handbook /  |c Betty Mattix Dietsch. 
246 3 8 |a Reasoning and writing well (spine) 
250 |a 3rd ed 
260 |a Boston :  |b McGraw-Hill ,  |c 2003. 
300 |a xlvii, 732, [60] p. :  |b ill. ;  |c 23 cm. 
504 |a Includes indexes 
650 0 |a English language  |x Rhetoric 
650 0 |a English language  |x Grammar 
650 0 |a College readers 
650 0 |a Report writing 
650 0 |a Reasoning 
OWN |a LNN 
902 |a TKA 
AVA |a UDN50  |b LNN  |c English  |d 420.8 DI-B  |e available  |t Error 5001 Not defined in file expand_doc_bib_avail.  |f 2  |g 0  |h N  |i 0  |j AN  |k 1 
999 |a From the UDN01 
AVA |a UDN50  |b LNN  |c English  |d 420.8 DI-B  |e available  |t Error 5001 Not defined in file expand_doc_bib_avail.  |f 2  |g 0  |h N  |i 0  |j AN  |k 1 
TYP |a Monograph 
980 |a Mạng thư viện Đại học Đà Nẵng